|
|
|
|
| LEADER |
00000nmm0a2200000 4500 |
| 001 |
302110 |
| 005 |
20231102001453.0 |
| 010 |
|
|
|a 9785950207693
|
| 035 |
|
|
|a (RuTPU)RU\TPU\book\327306
|
| 090 |
|
|
|a 302110
|
| 100 |
|
|
|a 20150819d2015 m y0rusy50 ca
|
| 101 |
0 |
|
|a rus
|
| 102 |
|
|
|a RU
|
| 105 |
|
|
|a a j 001zy
|
| 200 |
1 |
|
|a Вычислительные процессы: теория трансляции, управление данными и сети Петри
|e учебное пособие
|f В. Н. Лукин, Л. Н. Чернышов
|
| 210 |
|
|
|a Москва
|c Вузовская книга
|d 2015
|
| 215 |
|
|
|a 180 с.
|c ил.
|e CD-ROM
|
| 320 |
|
|
|a Библиогр.: с. 177-178.
|
| 330 |
|
|
|a Рассматриваются понятия теории алгоритмических языков и методов трансляции, а также процессы обработки данных и их организации. И ложение материала сопровождается практическими примерами.Пособие предназначено для студентов высших учебных заведений, обучающихся по направлениям «Прикладная математика» и «Прикладная математика и информатика». Содержит темы, изучаемые в дисциплинах «Теория вычислительных процессов и структур», «Теория алгоритмических языков», «Математические основы информатики». Может быть использовано как лекционный материал, на практических занятиях, при выполнении курсовых и дипломных работ, а также как средство самообразования.
|
| 606 |
1 |
|
|a Информатика прикладная
|2 stltpush
|3 (RuTPU)RU\TPU\subj\12885
|9 39592
|
| 610 |
1 |
|
|a трансляция
|
| 610 |
1 |
|
|a трансляторы
|
| 610 |
1 |
|
|a интерпретаторы
|
| 610 |
1 |
|
|a синтаксический анализ
|
| 610 |
1 |
|
|a автоматизированные методы
|
| 610 |
1 |
|
|a данные
|
| 610 |
1 |
|
|a хранение
|
| 610 |
1 |
|
|a доступ
|
| 610 |
1 |
|
|a память
|
| 610 |
1 |
|
|a динамическое распределение
|
| 610 |
1 |
|
|a моделирование
|
| 610 |
1 |
|
|a сети Петри
|
| 610 |
1 |
|
|a учебные пособия
|
| 675 |
|
|
|a 004(075.8)
|v 4
|
| 700 |
|
1 |
|a Лукин
|b В. Н.
|g Владимир Николаевич
|
| 701 |
|
1 |
|a Чернышов
|b Л. Н.
|g Лев Николаевич
|
| 801 |
|
1 |
|a RU
|b 63413507
|c 20150819
|
| 801 |
|
2 |
|a RU
|b 63413507
|c 20221208
|g RCR
|
| 900 |
|
|
|a Прикладная информатика
|
| 900 |
|
|
|a Теория вычислительных процессов и структур
|
| 942 |
|
|
|c MX
|
| 959 |
|
|
|a 84/20150605
|d 1
|e 0
|f ЧЗТЛ:1
|